| 000 -ლიდერი |
| ფიქსირებული სიგრძის საკონტროლო ველი |
01800nam a22002657a 4500 |
| 003 - საკონტროლო ნომრის იდენტიფიკატორი |
| საკონტროლო ველი |
Ge_BSU |
| 005 - ბოლო ოპერაციის თარიღი და დრო |
| საკონტროლო ველი |
20210318122709.0 |
| 008 - ფიქსირებული სიგრძის მონაცემთა ელემენტები - ზოგადი ინფორმაცია |
| ფიქსირებული სიგრძის საკონტროლო ველი |
210318s2020 ge ||||| |||| 00| 0 geo d |
| 020 ## - წიგნის საერთაშორისო სტანდარტული ნომერი |
| International Standard Book Number |
9789941139697 |
| 041 ## - ენის კოდი |
| Language code of text/sound track or separate title |
geo |
| 080 ## - უნივერსალური ათობითი კლასიფიკაციის ინდექსი |
| Universal Decimal Classification number |
341.9(063) კ-41 |
| 245 ## - ცნობა სათაურის შესახებ |
| Title |
კერძო ავტონომია, როგორც კერძო სამართლის ფუძემდებლური პრინციპი : |
| Remainder of title |
კონფერენციის მასალები / |
| Statement of responsibility, etc |
რედაქტორი თამარ ზარანდია, ევგენია კურზინსკი-სინგერ. |
| 264 ## - წარმოების, გამოცემის, დისტრიბუციის და სხვა ცნობები |
| გამოცემის, წარმოების, დისტრიბუციის... ადგილი |
თბილისი: |
| გამოცემის, წარმოების, დისტრიბუციის... სახელწოდება |
თსუ, |
| გამოცემის, წარმოების, დისტრიბუციის... თარიღი |
2020. |
| 300 ## - ფიზიკური აღწერა |
| Extent |
272 გვ. |
| Other physical details |
30 სმ. |
| 500 ## - ზოგადი შენიშვნა |
| General note |
პარალ. სათაური გერმ. რუს. და ინგლ. ენაზე |
| 504 ## - BIBLIOGRAPHY, ETC. NOTE |
| Bibliography, etc |
ბიბლიოგრ. ტექსტების ბოლოს |
| 546 ## - LANGUAGE NOTE |
| Language note |
ტექსტები რუსულ ენ. |
| 653 ## - INDEX TERM--UNCONTROLLED |
| Uncontrolled term |
თსუ-ში ჩატარებული საერთაშორისო კონფერენციის მასალები |
| 653 ## - INDEX TERM--UNCONTROLLED |
| Uncontrolled term |
სამართალი |
| 653 ## - INDEX TERM--UNCONTROLLED |
| Uncontrolled term |
თსუ და მაქს პლანკის სახ. საზღვარგარეთის ქვეყნებისა და საერთაშორისო კერძო სამართლის ინ-ტის ერთობლივი კონფერენცია |
| 700 ## - ADDED ENTRY--PERSONAL NAME |
| Personal name |
ზარანდია, თამარ |
| Relator term |
რედაქტორი |
| 9 (RLIN) |
5936 |
| 700 ## - ADDED ENTRY--PERSONAL NAME |
| Personal name |
კურზინსკი-სინგერ, ევგენია |
| Relator term |
რედაქტორი |
| 9 (RLIN) |
10542 |
| 710 ## - ADDED ENTRY--CORPORATE NAME |
| Corporate name or jurisdiction name as entry element |
თსუ |
| 9 (RLIN) |
10543 |
| 942 ## - ADDED ENTRY ELEMENTS (KOHA) |
| Source of classification or shelving scheme |
|
| Koha item type |
წიგნი |